Sports Quiz

Random Sports or Famous Quiz

Eintracht Frankfurt famous players by photo (Slideshow) Quiz Stats

 Plays Quiz not verified by Sporcle

Challenge
Share
Tweet
Score 0/35 Timer 12:00
0 Plays Today
% Correct
Jermaine Jones
86%
Andreas Köpke
85.1%
Theofanis Gekas
84.2%
Andreas Möller
83.3%
Anthony Yeboah
81.6%
Augustine Okocha
80.7%
Cha Bum-kun
78.1%
Alexander Meier
76.3%
Oka Nikolov
74.6%
Kevin Trapp
74.6%
Sebastian Rode
69.3%
Ioannis Amanatidis
64.9%
Uli Stein
60.5%
Carlos Zambrano
59.6%
Karl-Heinz Körbel
59.6%
Thomas Berthold
58.8%
Maurizio Gaudino
58.8%
Sotirios Kyrgiakos
56.1%
% Correct
Bernd Hölzenbein
54.4%
Patrick Ochs
54.4%
Jürgen Grabowski
53.5%
Jan Åge Fjørtoft
50.9%
Uwe Bein
49.1%
Bruno Pezzey
46.5%
Martin Fenin
43%
Ervin Skela
40.4%
Uwe Bindewald
36%
Manfred Binz
32.5%
Bernd Nickel
32.5%
Werner Lorant
31.6%
Christoph Spycher
31.6%
Ralf Falkenmayer
28.9%
Lajos Détári
26.3%
Alfred Pfaff
24.6%
Slobodan Komljenović
19.3%

You're not logged in!

Compare scores with friends on all Sporcle quizzes.
Join for Free
OR
Log In

You Might Also Like...

Show Comments

Extras

Created Feb 2, 2016ReportNominate
Tags:Famous Quiz, player, Slideshow

Top Quizzes Today


Score Distribution

Your Account Isn't Verified!

In order to create a playlist on Sporcle, you need to verify the email address you used during registration. Go to your Sporcle Settings to finish the process.

Report this User

Report this user for behavior that violates our Community Guidelines.

Details: